000 00395nam a2200157Ia 4500
003 GCL
008 140319s9999 xx 000 0 eng d
040 _aGCL /
_cGCL
082 0 4 _a005.43
_bM M
100 1 _aMANSFIELD, RAN
245 1 0 _aMASTERING WORD 6 FOR WINDOWS /
_cMANSFIELD, RAN
260 _a[S.N] :
_bSYBEX ،
_c1994
300 _a971 P
650 0 4 _aCOMPUTER PROGRM
942 _2ddc
_cBK
999 _c16754
_d16754